[Event "2023 Standard Chess Dropout Tournament, Round 2"]
[Site "SchemingMind.com"]
[Date "2023.06.30"]
[Round "2"]
[White "cnile"]
[Black "Greg Magne"]
[Result "0-1"]
[WhiteCountry "SCO"]
[BlackCountry "CAN"]
[WhiteElo "1384"]
[WhiteRD "58"]
[BlackElo "1804"]
[BlackRD "70"]
[GameID "735236"]

1. e4 e5 2. Nf3 Nc6 3. Bb5 a6 4. Ba4 Nf6 5. O-O Be7 6. Re1 b5 7. Bb3 d6 8. c3 O-O 9. h3 Nb8 10. d4 Nbd7
11. Nbd2 c5 12. Nf1 Bb7 13. d5 c4 14. Bc2 Nc5 15. g4 Qc7 16. Ng3 Rfe8 17. Bg5 h6 18. Bxf6 Bxf6 19. Nf5 Kh7 20. Kg2 g6
21. Ng3 Bg7 22. h4 Bc8 23. g5 h5 24. Nh2 Qd7 25. a4 Qh3+ 26. Kg1 Qxh4 27. Nf3 Qh3 28. axb5 Bg4 29. bxa6 h4 30. a7 hxg3
31. fxg3 Qxg3+ 32. Kf1 Bxf3 33. Qd2 Rh8 34. Qf2 Qh3+ 35. Kg1 Kg8
0-1

[Event "2023 Standard Chess Dropout Tournament, Round 2"]
[Site "SchemingMind.com"]
[Date "2023.06.30"]
[Round "2"]
[White "Andrea Carra"]
[Black "Kid A"]
[Result "0-1"]
[WhiteCountry "ITA"]
[BlackCountry "FIN"]
[WhiteElo "1897"]
[WhiteRD "93"]
[BlackElo "1933"]
[BlackRD "89"]
[GameID "735237"]

1. e4 e5 2. Nf3 Nc6 3. Bc4 Nf6 4. d3 Bc5 5. O-O O-O 6. Be3 Bb6 7. a3 d6 8. h3 Be6 9. Nc3 h6 10. Nd5 Bxe3
11. fxe3 Na5 12. Ba2 c5 13. Nxf6+ Qxf6 14. Nd4 Qe7 15. Nxe6 fxe6 16. Qg4 Rae8 17. Rxf8+ Kxf8 18. Rf1+ Kg8 19. Qg6 Nc6 20. Rf7 Qxf7
0-1

[Event "2023 Standard Chess Dropout Tournament, Round 2"]
[Site "SchemingMind.com"]
[Date "2023.06.29"]
[Round "2"]
[White "Diadoco"]
[Black "Andreas Flato"]
[Result "1/2-1/2"]
[WhiteCountry "MEX"]
[BlackCountry "GER"]
[WhiteElo "1940"]
[WhiteRD "104"]
[BlackElo "1884"]
[BlackRD "121"]
[GameID "735238"]

1. e4 e5 2. Nf3 d6 3. Bc4 Be7 4. O-O Nf6 5. d3 h6 6. c3 O-O 7. Bb3 a5 8. Re1 b5 9. d4 exd4 10. cxd4 a4
11. Bc2 Bb7 12. a3 c5 13. d5 Nbd7 14. Bf4 Ng4 15. Nc3 Ba6 16. h3 Nge5 17. Nxe5 Nxe5 18. Bxe5 dxe5 19. Qf3 Qd6 20. Qg3 Bg5
21. Rad1 Bf4 22. Qf3 Bg5 23. g3 g6 24. h4 Be7 25. Qe3 Kg7 26. Kg2 Bd8 27. f3 Bb6 28. Qd2 Ba5 29. Rh1 Rac8 30. Qf2 Bb6
31. Qe2 c4 32. Na2 Ba5 33. Qe3 f5 34. Nb4 Bxb4 35. axb4 f4 36. Qc3 Rc7 37. g4 Bc8= 38. Rdf1 Re8 39. h5=
1/2-1/2

[Event "2023 Standard Chess Dropout Tournament, Round 2"]
[Site "SchemingMind.com"]
[Date "2023.07.01"]
[Round "2"]
[White "Derek Price"]
[Black "Enri Arturo"]
[Result "1/2-1/2"]
[WhiteCountry "ENG"]
[BlackCountry "CUB"]
[WhiteElo "2372"]
[WhiteRD "74"]
[BlackElo "2553"]
[BlackRD "98"]
[GameID "735239"]

1. c4 e6 2. g3 d5 3. Bg2 d4 4. d3 a5 5. Nf3 Bb4+ 6. Bd2 Ne7 7. O-O O-O 8. a3 Bc5 9. e3 Nbc6 10. Re1 dxe3
11. Bxe3 Bxe3 12. Rxe3 Nf5 13. Re4 Bd7 14. Nc3 Nce7 15. Re2 Bc6 16. Rd2 Bxf3 17. Bxf3 Nd4 18. Nb5 Nef5 19. Bxb7 Rb8 20. Be4 c6
21. Bxf5 Nxf5 22. Nc3 Nd4 23. Rb1 Qe7 24. Kg2 Qb7 25. Qe1 Nb3 26. Rdd1 c5+ 27. Qe4 Qd7 28. Nb5 Rfd8 29. Qe2 h6 30. a4 Qb7+
31. Qe4 e5 32. Qxb7 Rxb7 33. Re1 f6 34. Rbd1 Kf7 35. h4 Rbd7 36. Re3 Nd4 37. Nxd4 Rxd4 38. Kf3=
1/2-1/2

[Event "2023 Standard Chess Dropout Tournament, Round 2"]
[Site "SchemingMind.com"]
[Date "2023.07.01"]
[Round "2"]
[White "echecs"]
[Black "roscoe"]
[Result "1-0"]
[WhiteCountry "ENG"]
[BlackCountry "USA"]
[WhiteElo "1765"]
[WhiteRD "104"]
[BlackElo "1146"]
[BlackRD "111"]
[GameID "735240"]

1. e4 d6 2. Nc3 a6 3. d3 h6 4. Nf3 e5 5. Bd2 Nf6 6. Be2 Be7 7. O-O O-O 8. a3 Bg4 9. h3 Bxf3 10. Bxf3 Nc6
11. Ne2 Nd4 12. Nxd4 exd4 13. b4 c6 14. Qc1 d5 15. e5 Nd7 16. Re1 Qc7 17. Bf4 c5 18. e6 Qd8 19. exd7 Qxd7 20. bxc5 Bxc5
21. Re5 Rad8 22. Rxd5 Qe6 23. Rxc5 Rc8 24. Rxc8 Rxc8 25. Bxb7 Rc5 26. Bf3 a5 27. Rb1
1-0

[Event "2023 Standard Chess Dropout Tournament, Round 2"]
[Site "SchemingMind.com"]
[Date "2023.06.29"]
[Round "2"]
[White "eliecercruzr"]
[Black "private napoleon"]
[Result "1-0"]
[WhiteCountry "CUB"]
[BlackCountry "ENG"]
[WhiteElo "2308"]
[WhiteRD "70"]
[BlackElo "1688"]
[BlackRD "84"]
[GameID "735241"]

1. e4 e5 2. Nf3 Nc6 3. Bb5 a6 4. Ba4 Nf6 5. O-O Be7 6. Re1 b5 7. Bb3 O-O 8. c3 d6 9. h3 Bb7 10. d4 exd4
11. cxd4 Re8 12. Ng5 Rf8 13. Nc3 Na5 14. Bc2 Nc4 15. Qe2 h6 16. Nf3 Re8 17. a4 Bf8 18. axb5 axb5 19. Rxa8 Qxa8 20. Nxb5 Bxe4
21. Bxe4 Rxe4 22. Qxc4 Rxe1+ 23. Nxe1 Qe4 24. Nd3 d5 25. Qc2 Bd6 26. f3 Qg6 27. Nxd6 cxd6 28. b4 Ne8 29. b5 Qf6 30. Qa4 Qd8
31. b6 Qxb6 32. Qxe8+ Kh7 33. Qe3
1-0

[Event "2023 Standard Chess Dropout Tournament, Round 2"]
[Site "SchemingMind.com"]
[Date "2023.07.02"]
[Round "2"]
[White "Enri Arturo"]
[Black "Dan Geana"]
[Result "1/2-1/2"]
[WhiteCountry "CUB"]
[BlackCountry "ROU"]
[WhiteElo "2566"]
[WhiteRD "105"]
[BlackElo "2577"]
[BlackRD "115"]
[GameID "735242"]

1. e4 c5 2. Nf3 d6 3. d4 cxd4 4. Nxd4 Nf6 5. Nc3 g6 6. Be3 Bg7 7. f3 O-O 8. Qd2 Nc6 9. O-O-O d5 10. exd5 Nxd5
11. Nxc6 bxc6 12. Bd4 e5 13. Bc5 Re8 14. Ne4 Qc7 15. h4 f5 16. Nd6 Rd8 17. Nxc8 Raxc8 18. h5 Nb6 19. Bxb6 Rxd2 20. Bc4+ Kf8
21. Bxc7 Rxd1+ 22. Rxd1 Rxc7 23. hxg6 Bh6+ 24. Kb1 hxg6 25. Rd6 Kg7 26. Re6 Rd7 27. Bd3 Bf4 28. a4 a5 29. Rxc6 Rd4 30. Bc4 e4
31. fxe4 fxe4 32. c3 Rd1+ 33. Ka2 Rd2 34. Rc5 e3 35. Rxa5 e2 36. Ra7+ Kf8 37. Bxe2 Rxe2 38. a5 Ke8 39. Rg7 Kd8 40. a6 Re6
41. a7 Ra6+ 42. Kb3 Kc8 43. Kc4 Bc7 44. b4 Rxa7 45. Rxg6 Bd8 46. Kb3 Re7 47. Kc4 Re5 48. Kd4 Rb5 49. Kc4 Re5 50. Kd4 Rb5
51. Kd3=
1/2-1/2

[Event "2023 Standard Chess Dropout Tournament, Round 2"]
[Site "SchemingMind.com"]
[Date "2023.07.01"]
[Round "2"]
[White "Erik Johnson"]
[Black "mochiron"]
[Result "1-0"]
[WhiteCountry "USA"]
[BlackCountry "JPN"]
[WhiteElo "1682"]
[WhiteRD "81"]
[BlackElo "1283"]
[BlackRD "69"]
[GameID "735243"]

1. e4 c6 2. d4 d5 3. Nc3 g6 4. Be3 Bg7 5. Nf3 dxe4 6. Nxe4 Nf6 7. Nxf6+ Bxf6 8. c3 Nd7 9. Bc4 b5 10. Bb3 b4
11. O-O O-O 12. Bh6 Bg7 13. Qd2 e6 14. Rfe1 bxc3 15. bxc3 Bxh6 16. Qxh6 f6 17. Rxe6 Nb6 18. Re8+ Kh8 19. Rxf8+
1-0

[Event "2023 Standard Chess Dropout Tournament, Round 2"]
[Site "SchemingMind.com"]
[Date "2023.07.01"]
[Round "2"]
[White "George Dimitrov"]
[Black "Glenn O'Brien"]
[Result "1-0"]
[WhiteCountry "BUL"]
[BlackCountry "AUS"]
[WhiteElo "2537"]
[WhiteRD "108"]
[BlackElo "1846"]
[BlackRD "101"]
[GameID "735244"]

1. e4 e5 2. Nf3 Nc6 3. Bb5 a6 4. Ba4 Nf6 5. O-O Be7 6. Re1 b5 7. Bb3 O-O 8. c3 d6 9. h3 Na5 10. Bc2 c5
11. d4 Qc7 12. Nbd2 cxd4 13. cxd4 Nc6 14. Nb3 a5 15. Be3 a4 16. Nbd2 Bd7 17. Rc1 Qb7 18. Nf1 Rfe8 19. Ng3 Bd8 20. Qe2 h6
21. dxe5 Nxe5 22. Red1 Nc4 23. Bd4 Rc8 24. Nh4 d5 25. Nhf5 dxe4 26. b3 axb3 27. axb3 Bxf5 28. Nxf5 g6 29. Nxh6+ Kg7 30. Ng4 Na5
31. Qe3 Qa6 32. Qh6+ Kg8 33. Bxe4 Rxc1 34. Rxc1 Nxb3 35. Nxf6+ Bxf6 36. Bxg6 fxg6 37. Qxg6+
1-0

[Event "2023 Standard Chess Dropout Tournament, Round 2"]
[Site "SchemingMind.com"]
[Date "2023.06.29"]
[Round "2"]
[White "Giraldo Menendez Rodriguez"]
[Black "Johnny Owens"]
[Result "1-0"]
[WhiteCountry "CUB"]
[BlackCountry "USA"]
[WhiteElo "2577"]
[WhiteRD "82"]
[BlackElo "2360"]
[BlackRD "99"]
[GameID "735245"]

1. e4 e5 2. Nf3 Nf6 3. Nxe5 d6 4. Nf3 Nxe4 5. Nc3 Nxc3 6. dxc3 Be7 7. Be3 O-O 8. Qd2 Nd7 9. O-O-O c6 10. Kb1 d5
11. h4 Re8 12. Bd3 Nf6 13. Ng5 c5 14. c4 d4 15. Bf4 h6 16. Rde1 Bd7 17. Ne4 Bc6 18. Ng3 Bf8 19. Rxe8 Bxe8 20. Nf5 Bd7
21. Rg1 b5 22. g4 bxc4 23. Bxc4 Nxg4 24. f3 Bxf5 25. fxg4 Be4 26. g5 Bd5 27. Bc7
1-0

[Event "2023 Standard Chess Dropout Tournament, Round 2"]
[Site "SchemingMind.com"]
[Date "2023.06.29"]
[Round "2"]
[White "Glenn O'Brien"]
[Black "Matthew Bailey"]
[Result "0-1"]
[WhiteCountry "AUS"]
[BlackCountry "ENG"]
[WhiteElo "1912"]
[WhiteRD "100"]
[BlackElo "2553"]
[BlackRD "68"]
[GameID "735246"]

1. e4 c6 2. d4 d5 3. Nc3 dxe4 4. Nxe4 Nf6 5. Nxf6+ exf6 6. c3 Bd6 7. Bd3 O-O 8. Qc2 Re8+ 9. Ne2 h5 10. O-O h4
11. h3 Nd7 12. Be3 Nf8 13. Rad1 Be6 14. c4 Rc8 15. b3 Bb8 16. Bf4 f5 17. Bxb8 Rxb8 18. Rfe1 Qg5 19. Qc3 Re7 20. f4 Qg6
21. Qa5 b6 22. Qa4 c5 23. Qa3 Bd7 24. dxc5 Rbe8 25. cxb6 Bc6 26. g4 hxg3 27. Qc5 axb6 28. Qb4 Qh5 29. Nxg3 Qf3 30. Ne4 Re6
31. Kh2 Rg6
0-1

[Event "2023 Standard Chess Dropout Tournament, Round 2"]
[Site "SchemingMind.com"]
[Date "2023.06.29"]
[Round "2"]
[White "Helga1946"]
[Black "Rubén Pulido "]
[Result "1/2-1/2"]
[WhiteCountry "GER"]
[BlackCountry "CUB"]
[WhiteElo "2425"]
[WhiteRD "69"]
[BlackElo "2520"]
[BlackRD "103"]
[GameID "735247"]

1. d4 Nf6 2. c4 e6 3. Nf3 d5 4. Nc3 Bb4 5. cxd5 exd5 6. Bg5 h6 7. Bh4 O-O 8. e3 Bf5 9. Qb3 Bxc3+ 10. Qxc3 g5
11. Bg3 Ne4 12. Qxc7 Nc6 13. Qxd8 Rfxd8 14. Bb5 Rac8 15. Nd2 Nb4 16. Nxe4 Bxe4 17. O-O Bd3 18. Bxd3 Nxd3 19. b3 Rc2 20. Rfd1 Nb2
21. Rdc1 Rdc8 22. Rxc2 Rxc2 23. h4 Nd3 24. a4 f5 25. h5 a6 26. Rb1 Kf7 27. Rd1 Nc1 28. f3 Ne2+ 29. Kh2 Rc3 30. Be5 Rxe3
31. Re1 f4 32. Kh3 Ke6 33. Kg4 Nc3 34. Rc1 Ne4 35. Rc2 Rc3 36. Re2 Re3 37. Rc2 Rc3=
1/2-1/2

[Event "2023 Standard Chess Dropout Tournament, Round 2"]
[Site "SchemingMind.com"]
[Date "2023.06.30"]
[Round "2"]
[White "heuschrecke"]
[Black "eliecercruzr"]
[Result "0-1"]
[WhiteCountry "GER"]
[BlackCountry "CUB"]
[WhiteElo "2314"]
[WhiteRD "90"]
[BlackElo "2309"]
[BlackRD "61"]
[GameID "735248"]

1. e4 e5 2. Nf3 Nc6 3. Nc3 Nf6 4. d4 exd4 5. Nd5 Be7 6. Bf4 d6 7. Bd3 O-O 8. O-O Bg4 9. h3 Bxf3 10. Qxf3 Ne5
11. Nxf6+ Bxf6 12. Bxe5 dxe5 13. g3= g6 14. Qg2 c6 15. f4 Qe7 16. Kh1= Kg7 17. Rf3 b5 18. Raf1 Qb7 19. h4 c5 20. b3 Rac8
21. Qe2 a6 22. a4 c4 23. bxc4 bxa4 24. f5 a3 25. Qd2 Bd8 26. f6+ Kh8 27. Qc1 Qb2 28. Be2 Qxc1 29. Rxc1 Rc6 30. Rxa3 Bxf6
31. c5 Ra8 32. Bb5 Rxc5 33. Rxa6 Rxa6 34. Bxa6= g5 35. h5 g4 36. Bd3 Kg7 37. Rf1 Bg5 38. Rf5 f6 39. Rf2= Kh6 40. Rh2 Ra5
41. Kg1= Ra1+ 42. Kg2 Rd1
0-1

[Event "2023 Standard Chess Dropout Tournament, Round 2"]
[Site "SchemingMind.com"]
[Date "2023.07.03"]
[Round "2"]
[White "Holty"]
[Black "Udo Sprang"]
[Result "0-1"]
[WhiteCountry "ENG"]
[BlackCountry "NED"]
[WhiteElo "1816"]
[WhiteRD "77"]
[BlackElo "2013"]
[BlackRD "115"]
[GameID "735249"]

1. d4 Nf6 2. Nf3 e6 3. e3 c5 4. Bd3 b6 5. Ne5 Bb7 6. f3 cxd4 7. exd4 Nc6 8. c3 Nxe5 9. dxe5 Nd5 10. c4 Bb4+
11. Bd2 Ne3 12. Qe2 Bxd2+ 13. Kxd2 Qg5 14. Kc3 Qxe5+ 15. Kb3 Qc5 16. Nd2 b5 17. Rac1 bxc4+ 18. Nxc4 Rb8 19. a3 Bxf3+
0-1

[Event "2023 Standard Chess Dropout Tournament, Round 2"]
[Site "SchemingMind.com"]
[Date "2023.07.02"]
[Round "2"]
[White "Jari Laine"]
[Black "Schaakmaatje"]
[Result "1-0"]
[WhiteCountry "FIN"]
[BlackCountry "NED"]
[WhiteElo "2521"]
[WhiteRD "87"]
[BlackElo "2111"]
[BlackRD "140"]
[GameID "735251"]

1. e4 c5 2. Nc3 Nc6 3. f4 d6 4. Nf3 Nf6 5. Bc4 e6 6. d3 Be7 7. O-O O-O 8. Qe1 d5 9. Bb3 dxe4 10. dxe4 b6
11. e5 Nd5 12. Nxd5 exd5 13. c3 Bf5 14. Qf2 Be4 15. Re1 h6 16. Bc2 f5 17. exf6 Bxf6 18. Bxe4 dxe4 19. Rxe4 Qd7 20. Qc2 Rad8
21. Be3 Qf5 22. Bf2 Rde8 23. Rae1 Rxe4 24. Qxe4 Qxe4 25. Rxe4 Kf7 26. Kf1 Rd8 27. Ke2 Rd7 28. g4 g6 29. Bh4 Bxh4 30. Nxh4 Rd5
31. Nxg6
1-0

[Event "2023 Standard Chess Dropout Tournament, Round 2"]
[Site "SchemingMind.com"]
[Date "2023.06.29"]
[Round "2"]
[White "James Reed"]
[Black "surfnsuds"]
[Result "1-0"]
[WhiteCountry "ENG"]
[BlackCountry "USA"]
[WhiteElo "1335"]
[WhiteRD "91"]
[BlackElo "1240"]
[BlackRD "91"]
[GameID "735252"]

1. e4 e5 2. Nf3 d6 3. d4 exd4 4. Nxd4 Nf6 5. Nc3 Nc6 6. Bb5 Bd7 7. O-O Be7 8. Re1 O-O 9. Bg5 a6 10. Nxc6 Bxc6
11. Bxc6 bxc6 12. h3 Rb8 13. b3 h6 14. Bxf6 Bxf6 15. Qf3 Rb5 16. Nxb5 cxb5 17. Rab1 c6 18. Rbd1 Be5 19. g3 b4 20. Qe2 Qc8
21. Kg2 Bc3 22. Rf1 Rd8 23. Rd3 c5 24. Rfd1 Bd4 25. Qf3 Qe6 26. c4 bxc3 27. Qe2 Qg6 28. Qf3 Qg5 29. a3 a5 30. a4 Be5
31. h4 Qe7 32. Qe2 Qd7 33. Qf3 c4 34. Rxc3 Bxc3 35. Qxc3 Qc7 36. f3 Qc5 37. Qxc4 Qb4 38. Qxb4 axb4 39. Kf2 Kf8 40. Rd4 Ke7
41. Rxb4 Ke6 42. Ke3 Rc8 43. Rc4 Rxc4 44. bxc4 Kd7 45. Kd4 Kc6 46. a5 Kb7 47. Kd5 Ka6 48. Kxd6 Kxa5 49. c5
1-0

[Event "2023 Standard Chess Dropout Tournament, Round 2"]
[Site "SchemingMind.com"]
[Date "2023.06.30"]
[Round "2"]
[White "Sebastian Strauchler"]
[Black "NYNH"]
[Result "1-0"]
[WhiteCountry "ARG"]
[BlackCountry "USA"]
[WhiteElo "2290"]
[WhiteRD "149"]
[BlackElo "1908"]
[BlackRD "104"]
[GameID "735253"]

1. e4 e5 2. Nf3 Nc6 3. d4 exd4 4. Bc4 Bc5 5. c3 Nf6 6. b4 Bb6 7. e5 d5 8. exf6 dxc4 9. Qe2+ Be6 10. b5 Nb4
11. fxg7 Rg8 12. cxb4 Qf6 13. a4 Qxg7 14. g3 d3 15. Qb2 d2+ 16. Nbxd2 c3 17. Qa3 cxd2+ 18. Bxd2 O-O-O 19. O-O Bd5 20. a5 Bd4
21. Nxd4 Qxd4 22. b6 cxb6 23. Be3 Qg4 24. f3 Bxf3 25. axb6 a6 26. b5 Be2 27. Qc5+ Kd7 28. Rxf7+ Ke6 29. Re7+
1-0

[Event "2023 Standard Chess Dropout Tournament, Round 2"]
[Site "SchemingMind.com"]
[Date "2023.06.29"]
[Round "2"]
[White "Jon Coles"]
[Black "Helga1946"]
[Result "1/2-1/2"]
[WhiteCountry "WLS"]
[BlackCountry "GER"]
[WhiteElo "2489"]
[WhiteRD "92"]
[BlackElo "2425"]
[BlackRD "69"]
[GameID "735254"]

1. d4 d5 2. Nf3 e6 3. g3 c5 4. Bg2 cxd4 5. O-O Nf6 6. Nxd4 e5 7. Nb3 Be6 8. c4 Nc6 9. cxd5 Nxd5 10. N1d2 Be7
11. Ne4 b6 12. Nc3 Ndb4 13. a3 Qxd1 14. Rxd1 Bxb3 15. axb4 Rc8 16. Bh3 Bxd1 17. Bxc8 Bb3 18. Be3 Bxb4 19. Nb5 O-O 20. Bd7 Nb8
21. Bf5 g6 22. Bd3 a6 23. Nc7 Bc5 24. Bxc5 bxc5 25. Rc1 f5 26. Kf1 Rf6 27. Rxc5 e4 28. Bc4+ Bxc4 29. Rxc4 Rd6 30. g4 Nd7
31. gxf5 gxf5 32. b4 Rd1+ 33. Kg2 Rd2 34. Kf1 Rd1+ 35. Kg2 Rd2 36. Kf1=
1/2-1/2

[Event "2023 Standard Chess Dropout Tournament, Round 2"]
[Site "SchemingMind.com"]
[Date "2023.07.03"]
[Round "2"]
[White "Michael Christensen"]
[Black "pompey"]
[Result "0-1"]
[WhiteCountry "GER"]
[BlackCountry "ENG"]
[WhiteElo "1777"]
[WhiteRD "82"]
[BlackElo "2522"]
[BlackRD "120"]
[GameID "735255"]

1. c4 Nf6 2. g3 e5 3. Bg2 d5 4. cxd5 Nxd5 5. d3 Nc6 6. Nc3 Be6 7. Nf3 Be7 8. O-O Nb6 9. Ne1 Qd7 10. f4 O-O-O
11. Nf3 exf4 12. Bxf4 f6 13. Qc2 g5 14. Be3 h5 15. Rac1 h4 16. Bf2 Kb8 17. gxh4 gxh4 18. Nxh4 Rdg8 19. Kh1 Bd6 20. Ne4 Qg7
21. Rg1 Bxh2 22. Kxh2 Qg4 23. Ng5 Rxg5
0-1

[Event "2023 Standard Chess Dropout Tournament, Round 2"]
[Site "SchemingMind.com"]
[Date "2023.06.30"]
[Round "2"]
[White "Steven DuCharme"]
[Black "George Dimitrov"]
[Result "0-1"]
[WhiteCountry "USA"]
[BlackCountry "BUL"]
[WhiteElo "1515"]
[WhiteRD "60"]
[BlackElo "2536"]
[BlackRD "103"]
[GameID "735256"]

1. g3 e5 2. Bg2 d5 3. d3 Nc6 4. Nf3 Be6 5. O-O f6 6. b3 Qd7 7. Bb2 O-O-O 8. Nbd2 h5 9. h4 g5 10. hxg5 h4
11. gxf6 Nxf6 12. Nxh4 Rxh4 13. gxh4 Bh3
0-1

[Event "2023 Standard Chess Dropout Tournament, Round 2"]
[Site "SchemingMind.com"]
[Date "2023.06.29"]
[Round "2"]
[White "Kid A"]
[Black "LockettJ"]
[Result "0-1"]
[WhiteCountry "FIN"]
[BlackCountry "ENG"]
[WhiteElo "1914"]
[WhiteRD "86"]
[BlackElo "2079"]
[BlackRD "85"]
[GameID "735257"]

1. e4 e6 2. c4 d5 3. cxd5 exd5 4. Qb3 dxe4 5. Bc4 Qd7 6. Nc3 Nf6 7. d4 Nc6 8. Bb5 Bb4 9. Bg5 Bxc3+ 10. bxc3 Qg4
0-1

[Event "2023 Standard Chess Dropout Tournament, Round 2"]
[Site "SchemingMind.com"]
[Date "2023.06.29"]
[Round "2"]
[White "Thomas Jacob Kelly"]
[Black "maro"]
[Result "1-0"]
[WhiteCountry "USA"]
[BlackCountry "MEX"]
[WhiteElo "1782"]
[WhiteRD "102"]
[BlackElo "1464"]
[BlackRD "70"]
[GameID "735258"]

1. e4 e5 2. d4 exd4 3. Qxd4 Nc6 4. Qe3 b6 5. Nc3 Bc5 6. Qg3 d6 7. Bb5 Ne7 8. Nd5 Bb7 9. Bg5 Qd7 10. Nxe7 f6
11. Nd5 O-O-O 12. Bd2 Rde8 13. Bd3 f5 14. f3 Bd4 15. O-O-O Ne5 16. Ne2 Nxd3+ 17. cxd3 Qb5 18. Nxd4 Qc5+ 19. Bc3 Rhg8 20. Nb3 Qc6
21. Qh3 g6 22. Nf6
1-0

[Event "2023 Standard Chess Dropout Tournament, Round 2"]
[Site "SchemingMind.com"]
[Date "2023.06.29"]
[Round "2"]
[White "Johnny Owens"]
[Black "Rommel85"]
[Result "0-1"]
[WhiteCountry "USA"]
[BlackCountry "CUB"]
[WhiteElo "2360"]
[WhiteRD "99"]
[BlackElo "2549"]
[BlackRD "80"]
[GameID "735259"]

1. Nf3 Nf6 2. b3 c5 3. Bb2 e6 4. e3 d5 5. d4 cxd4 6. exd4 Bd6 7. Bd3 O-O 8. a3 Nc6 9. Nbd2 b6 10. Qe2 Bb7
11. h4 Rc8 12. Ne5 Qc7 13. h5 h6 14. O-O Na5 15. Rfc1 a6 16. a4 Nc6
0-1

[Event "2023 Standard Chess Dropout Tournament, Round 2"]
[Site "SchemingMind.com"]
[Date "2023.06.29"]
[Round "2"]
[White "John Elburg"]
[Black "Jon Coles"]
[Result "1/2-1/2"]
[WhiteCountry "NED"]
[BlackCountry "WLS"]
[WhiteElo "2570"]
[WhiteRD "105"]
[BlackElo "2481"]
[BlackRD "91"]
[GameID "735260"]

1. e4 c6 2. d4 d5 3. Nc3 dxe4 4. Nxe4 Bf5 5. Ng3 Bg6 6. h4 h6 7. Nf3 Nd7 8. h5 Bh7 9. Bd3 Bxd3 10. Qxd3 e6
11. Bf4 Qa5+ 12. Bd2 Bb4 13. c3 Be7 14. c4 Qc7 15. O-O-O Ngf6 16. Kb1 O-O 17. Ne4 Rad8 18. Nxf6+ Nxf6 19. g4 Nxg4 20. Rhg1 f5
21. Qe2 Bf6 22. Qxe6+ Rf7 23. Qxf5 Nxf2 24. Rdf1 Bxd4 25. Qe6 Qd6 26. Qxd6 Rxd6 27. Nxd4 Rxd4 28. Be3 Rg4=
1/2-1/2

[Event "2023 Standard Chess Dropout Tournament, Round 2"]
[Site "SchemingMind.com"]
[Date "2023.06.29"]
[Round "2"]
[White "Rubén Pulido "]
[Black "John Elburg"]
[Result "1/2-1/2"]
[WhiteCountry "CUB"]
[BlackCountry "NED"]
[WhiteElo "2527"]
[WhiteRD "105"]
[BlackElo "2570"]
[BlackRD "105"]
[GameID "735261"]

1. Nf3 Nf6 2. c4 c6 3. d4 d5 4. Nc3 e6 5. Bg5 h6 6. Bh4 dxc4 7. e4 g5 8. Bg3 b5 9. h4 g4 10. Ne5 Rg8
11. Be2 Nbd7 12. Nxd7 Qxd7 13. e5 Nd5 14. Ne4 Bb4+ 15. Kf1 h5 16. a3 Be7 17. b3 c5 18. dxc5 Bb7 19. bxc4 bxc4 20. Qc1 Qc6
21. Bxc4 Rc8 22. Rb1 Ne3+ 23. Qxe3 Qxe4 24. Bb5+ Kf8 25. Qh6+=
1/2-1/2

[Event "2023 Standard Chess Dropout Tournament, Round 2"]
[Site "SchemingMind.com"]
[Date "2023.07.03"]
[Round "2"]
[White "LockettJ"]
[Black "Sebastian Strauchler"]
[Result "0-1"]
[WhiteCountry "ENG"]
[BlackCountry "ARG"]
[WhiteElo "2079"]
[WhiteRD "85"]
[BlackElo "2277"]
[BlackRD "147"]
[GameID "735262"]

1. d4 Nf6 2. c4 e5 3. dxe5 Ng4 4. Bf4 Nc6 5. Nf3 Bb4+ 6. Nbd2 Qe7 7. e3 Ngxe5 8. Be2 O-O 9. O-O a5 10. Nxe5 Nxe5
11. a3 Bc5 12. Nb3 Bb6
0-1

[Event "2023 Standard Chess Dropout Tournament, Round 2"]
[Site "SchemingMind.com"]
[Date "2023.07.01"]
[Round "2"]
[White "malcolm chugg"]
[Black "Ronald R. Nurmi"]
[Result "0-1"]
[WhiteCountry "WLS"]
[BlackCountry "USA"]
[WhiteElo "1181"]
[WhiteRD "49"]
[BlackElo "1761"]
[BlackRD "96"]
[GameID "735263"]

1. f4 d5 2. e4 dxe4 3. Nc3 Nf6 4. h3 e6 5. d3 Bc5 6. Nge2 Nc6 7. Na4 Bd6 8. c4 Bb4+ 9. Nec3 exd3 10. Qxd3 Qxd3
11. Bxd3 O-O 12. O-O Bd7 13. Be3 Rad8 14. Be4 Nxe4 15. Nxe4 b6 16. a3 Be7 17. g4 f5 18. Nf2 Na5 19. Nc3 Nxc4 20. Bc1 e5
21. Re1 Bd6 22. fxe5 Bxe5 23. Bg5 Rde8 24. Nfd1 Bh2+ 25. Kf2 Bg3+ 26. Kxg3 Rxe1 27. Kf4 fxg4+ 28. Kg3 Rf3+ 29. Kh4 Rxh3#
0-1

[Event "2023 Standard Chess Dropout Tournament, Round 2"]
[Site "SchemingMind.com"]
[Date "2023.06.29"]
[Round "2"]
[White "maro"]
[Black "Reun29"]
[Result "0-1"]
[WhiteCountry "MEX"]
[BlackCountry "SUI"]
[WhiteElo "1467"]
[WhiteRD "64"]
[BlackElo "1976"]
[BlackRD "111"]
[GameID "735264"]

1. e4 c6 2. d4 d5 3. e5 c5 4. dxc5 e6 5. Nf3 Bxc5 6. Nd4 Nc6 7. Bb5 Ne7 8. O-O O-O 9. Nxc6 bxc6 10. Bd3 a5
11. Bg5 Qc7 12. Re1 Ng6 13. Bxg6 hxg6 14. Nc3 Ba6 15. Na4 Ba7 16. a3 c5 17. Nc3 Rab8 18. b3 Qc6 19. Qf3 Bb7 20. Rad1 Qe8
21. a4 d4 22. Ne4 Bd5 23. c4 dxc3 24. Qh3 Bxe4 25. Rxe4 Rb4 26. Rd8 Rxe4 27. Kf1 Qxd8 28. Bxd8 Rxd8 29. Qf3 c2
0-1

[Event "2023 Standard Chess Dropout Tournament, Round 2"]
[Site "SchemingMind.com"]
[Date "2023.07.01"]
[Round "2"]
[White "Juan Jose Rivas Maceda"]
[Black "Ninaner2"]
[Result "1/2-1/2"]
[WhiteCountry "PER"]
[BlackCountry "NED"]
[WhiteElo "2520"]
[WhiteRD "74"]
[BlackElo "2330"]
[BlackRD "102"]
[GameID "735265"]

1. e4 c5 2. Nf3 d6 3. d4 cxd4 4. Nxd4 Nf6 5. Nc3 a6 6. Bg5 e6 7. Qf3 Nbd7 8. O-O-O h6 9. Bxf6 Qxf6 10. Qe3 b5
11. f4 Bb7 12. a3 e5 13. Nde2 Qd8 14. Kb1 Qb6 15. Qd2 Rd8 16. Ng3 h5 17. Be2 g6 18. f5 Bh6 19. Qe1 Nf6 20. Rf1 O-O
21. Nd5 Bxd5 22. exd5 Rb8 23. Bd3 Kg7 24. Ne4 g5 25. g4 h4 26. Nxf6 Kxf6 27. Qb4 Rfc8 28. Be2 Bf8 29. Rf3 Be7 30. h3 a5
31. Qe4 Qa7 32. Rb3 Rc5 33. c3 Bd8 34. Qe3=
1/2-1/2